Statistics for Top 10 Ice Cream Consuming Countries

Click here to take the quiz!

General Stats

  • This quiz has been taken 107 times
  • The average score is 6 of 10

Answer Stats

Litres per capitaCountry% Correct
13.7United States
100%
9.1Canada
89%
13.7Australia
82%
13.3New Zealand
73%
11.7Sweden
59%
8.4Norway
57%
8.5Finland
54%
9.3Denmark
52%
10.2Ireland
45%
9.3Israel
20%

Score Distribution

Percentile by Number Answered

Percent of People with Each Score

Your Score History

You have not taken this quiz